00207nam a2200073Ia 4500008004100000082000800041100002000049245006400069240331s9999 xx 000 0 und d bDEL aDe Lanerolle, N 2aA reign of ten kings :bSri Lanka-the world 500 BC - 1200AD